Statistics for Countries With a Similar Population to New York State

Click here to take the quiz!

General Stats

  • This quiz has been taken 14 times
  • The average score is 7 of 15

Answer Stats

Countries% Correct
Ecuador
88%
Netherlands
75%
Syria
75%
Chile
63%
Guatemala
63%
Romania
63%
Cambodia
50%
Kazakhstan
50%
Sri Lanka
38%
Malawi
25%
Mali
25%
Niger
25%
Burkina Faso
13%
Zambia
13%
Zimbabwe
13%

Score Distribution

Percentile by Number Answered

Percent of People with Each Score

Your Score History

You have not taken this quiz